000
00284nam a22001337a 4500
008
180919b xxu||||| |||| 00| 0 eng d
020
_a
9780321660503
041
_a
eng
080
_a
004
100
_a
29
101
_a
SHKI
245
_a
Adobe Flex 4
_c
Labriola, M
942
_2
udc
_c
BK
999
_c
48059
_d
48059